{"text_format":"1","workbook":"xlsx","n_sheets":10,"sheets":["1ª MEDIÇÃO","2ª MEDIÇÃO","3ª MEDIÇÃO","4ª MEDIÇÃO","5ª MEDIÇÃO","6ª MEDIÇÃO","7ª MEDIÇÃO","8ª MEDIÇÃO","9ª MEDIÇÃO","PLANILHA SINTÉTICA"],"not_rendered":{"charts":0,"images":2,"macros":1,"external_links":12,"defined_names":1440,"comments":0,"pivot_tables":0},"unopened":[],"bounds":{"document_bytes":16777216,"sheet_cells":100000,"rows_first":2000,"rows_last":500,"rows_between":2000,"halvings":0,"cell_chars":16384,"cell_head_chars":4096},"cells_cut":0,"cells_raw":0,"read":"whole","date_system":"1900"}

{"sheet":"1ª MEDIÇÃO","index":0,"n_rows":4,"n_cols":10,"rows_kept":4,"cut":false,"hidden":true,"merged":[[0,0,0,8],[1,0,1,8],[2,0,2,8]]}
["TRIBUNAL DE JUSTIÇA DE PERNAMBUCO"]
[{"$f":"#REF!","v":{"$error":"#REF!"}}]
["MEMÓRIA DE CALCULO - 1ª MEDIÇÃO"]
["ITEM","DESCRIÇÃO","QUANT.","LARG.","COMP.","ALT.","TAXA","TOTAL","UNID","MEMORIAL FOTOGRÁFICO"]

{"sheet":"2ª MEDIÇÃO","index":1,"n_rows":4,"n_cols":10,"rows_kept":4,"cut":false,"hidden":true,"merged":[[0,0,0,8],[1,0,1,8],[2,0,2,8]]}
["TRIBUNAL DE JUSTIÇA DE PERNAMBUCO"]
[{"$f":"#REF!","v":{"$error":"#REF!"}}]
["MEMÓRIA DE CALCULO - 2ª MEDIÇÃO"]
["ITEM","DESCRIÇÃO","QUANT.","LARG.","COMP.","ALT.","TAXA","TOTAL","UNID","MEMORIAL FOTOGRÁFICO"]

{"sheet":"3ª MEDIÇÃO","index":2,"n_rows":4,"n_cols":10,"rows_kept":4,"cut":false,"hidden":true,"merged":[[0,0,0,8],[1,0,1,8],[2,0,2,8]]}
["TRIBUNAL DE JUSTIÇA DE PERNAMBUCO"]
[{"$f":"#REF!","v":{"$error":"#REF!"}}]
["MEMÓRIA DE CALCULO - 3ª MEDIÇÃO"]
["ITEM","DESCRIÇÃO","QUANT.","LARG.","COMP.","ALT.","TAXA","TOTAL","UNID","MEMORIAL FOTOGRÁFICO"]

{"sheet":"4ª MEDIÇÃO","index":3,"n_rows":4,"n_cols":10,"rows_kept":4,"cut":false,"hidden":true,"merged":[[0,0,0,8],[1,0,1,8],[2,0,2,8]]}
["TRIBUNAL DE JUSTIÇA DE PERNAMBUCO"]
[{"$f":"#REF!","v":{"$error":"#REF!"}}]
["MEMÓRIA DE CALCULO - 4ª MEDIÇÃO"]
["ITEM","DESCRIÇÃO","QUANT.","LARG.","COMP.","ALT.","TAXA","TOTAL","UNID","MEMORIAL FOTOGRÁFICO"]

{"sheet":"5ª MEDIÇÃO","index":4,"n_rows":4,"n_cols":10,"rows_kept":4,"cut":false,"hidden":true,"merged":[[0,0,0,8],[1,0,1,8],[2,0,2,8]]}
["TRIBUNAL DE JUSTIÇA DE PERNAMBUCO"]
[{"$f":"#REF!","v":{"$error":"#REF!"}}]
["MEMÓRIA DE CALCULO - 5ª MEDIÇÃO"]
["ITEM","DESCRIÇÃO","QUANT.","LARG.","COMP.","ALT.","TAXA","TOTAL","UNID","MEMORIAL FOTOGRÁFICO"]

{"sheet":"6ª MEDIÇÃO","index":5,"n_rows":4,"n_cols":10,"rows_kept":4,"cut":false,"hidden":true,"merged":[[0,0,0,8],[1,0,1,8],[2,0,2,8]]}
["TRIBUNAL DE JUSTIÇA DE PERNAMBUCO"]
[{"$f":"#REF!","v":{"$error":"#REF!"}}]
["MEMÓRIA DE CALCULO - 6ª MEDIÇÃO"]
["ITEM","DESCRIÇÃO","QUANT.","LARG.","COMP.","ALT.","TAXA","TOTAL","UNID","MEMORIAL FOTOGRÁFICO"]

{"sheet":"7ª MEDIÇÃO","index":6,"n_rows":4,"n_cols":10,"rows_kept":4,"cut":false,"hidden":true,"merged":[[0,0,0,8],[1,0,1,8],[2,0,2,8]]}
["TRIBUNAL DE JUSTIÇA DE PERNAMBUCO"]
[{"$f":"#REF!","v":{"$error":"#REF!"}}]
["MEMÓRIA DE CALCULO - 7ª MEDIÇÃO"]
["ITEM","DESCRIÇÃO","QUANT.","LARG.","COMP.","ALT.","TAXA","TOTAL","UNID","MEMORIAL FOTOGRÁFICO"]

{"sheet":"8ª MEDIÇÃO","index":7,"n_rows":4,"n_cols":10,"rows_kept":4,"cut":false,"hidden":true,"merged":[[0,0,0,8],[1,0,1,8],[2,0,2,8]]}
["TRIBUNAL DE JUSTIÇA DE PERNAMBUCO"]
[{"$f":"#REF!","v":{"$error":"#REF!"}}]
["MEMÓRIA DE CALCULO - 8ª MEDIÇÃO"]
["ITEM","DESCRIÇÃO","QUANT.","LARG.","COMP.","ALT.","TAXA","TOTAL","UNID","MEMORIAL FOTOGRÁFICO"]

{"sheet":"9ª MEDIÇÃO","index":8,"n_rows":4,"n_cols":10,"rows_kept":4,"cut":false,"hidden":true,"merged":[[0,0,0,8],[1,0,1,8],[2,0,2,8]]}
["TRIBUNAL DE JUSTIÇA DE PERNAMBUCO"]
[{"$f":"#REF!","v":{"$error":"#REF!"}}]
["MEMÓRIA DE CALCULO - 9ª MEDIÇÃO"]
["ITEM","DESCRIÇÃO","QUANT.","LARG.","COMP.","ALT.","TAXA","TOTAL","UNID","MEMORIAL FOTOGRÁFICO"]

{"sheet":"PLANILHA SINTÉTICA","index":9,"n_rows":34,"n_cols":7,"rows_kept":34,"cut":false,"hidden":false,"merged":[[33,0,33,5],[3,7,3,8],[4,7,4,8],[7,5,7,6],[7,4,8,4],[7,0,8,0],[7,2,8,2],[7,3,8,3],[7,1,8,1],[5,7,5,8],[6,7,6,8],[3,0,4,3],[3,5,3,6],[4,5,4,6],[5,0,6,3],[5,5,5,6],[6,5,6,6],[0,7,0,8],[1,7,1,8],[2,7,2,8],[0,0,0,3],[0,5,0,6],[1,0,2,3],[1,5,1,6],[2,5,2,6]]}
["PODER JUDICIÁRIO",null,null,null,"Obra:","EXECUÇÃO DOS SERVIÇOS DE RECUPERAÇÃO DE ESTRUTURA METÁLICA COM SUBSTITUIÇÃO DA COBERTA EM POLICARBONATO NO FÓRUM DE PALMARES"]
["TRIBUNAL DE JUSTIÇA DE PERNAMBUCO",null,null,null,"Local:","Loteamento Dom Acácio Rodrigues Alves, Quilombo II - Palmares - PE"]
[null,null,null,null,"Contrato:","021/2023 -TJPE"]
["DIRETORIA DE ENGENHARIA E ARQUITETURA",null,null,null,"Situação:","Encerrada"]
[null,null,null,null,"Contratada:","CONCREFERRO CONSTRUÇÕES E INCORPORAÇÕES LTDA"]
["QUANTITATIVOS E PREÇOS CONTRATADOS",null,null,null,"Valor Total:",{"$f":"G34","v":162499.98000000001}]
[null,null,null,null,"DATA:","2023-03-30"]
["ITEM","Cód. Efisco","DESCRIÇÃO","UN","QUANT. TOTAL","TOTAL"]
[null,null,null,null,null,"P. UNIT","P. TOTAL"]
["1.0",null,"SERVIÇOS PRELIMINARES"]
["1.1","314578-6","MOBILIZAÇÃO/ DESMOBILIZAÇÃO DA OBRA (PESSOAL, MÁQUINAS E EQUIPAMENTOS).","UNID.",2,2521.11,{"$f":"ROUND(E11*F11,2)","v":5042.22}]
["1.2","439519-0","ART EXECUÇÃO DE OBRA - RESPONSÁVEL TÉCNICO DA CONTRATADA.","UNID",1,282.35000000000002,282.35000000000002]
["1.3","401010-8","ADMINISTRAÇÃO LOCAL PELO PERÍODO DA OBRA.","MÊS",2,15756.73,31513.46]
["1.4","295382 - 0","PLACA DE OBRA EM LONA PLÁSTICA IMPRESSÃO DIGITAL ALTA RESOLUÇÃO COM ACABAMENTO EM ILHÓS, FIXAÇÃO EM ABRAÇADEIRAS DE NYLON, ESTRUTURA EM FERRO GALVANIZADO.","M²",4,476.96000000000004,1907.84]
["1.5","552147 - 5","FORNECIMENTO/ INSTALAÇÃO LONA PLÁSTICA PRETA, PARA PROTEÇÃO, ESPERRURA 150 MICRAS.","M²",113.59,7.7299999999999995,878.05]
["1.6","461831-9","LOCAÇÃO DE ANDAIME METÁLICO TUBULAR TIPO TORRE, COM PLATAFORMA METÁLICA, GUARDA CORPO METÁLICO, ESCADA, INCLUSIVE MONTAGEM E DESMONTAGEM. ","M² / MÊS",65.739999999999995,39.9,2623.03]
["1.7","572843-6","FORNECIMENTO E FIXAÇÃO DE TAPUME DE CHAPA DE MADEIRA COMPENSADA, E = 6MM, REAPROVEITAMENTO DE 2X, SEM DANIFICAR O PISO EXISTENTE NO LOCAL.","M²",55.993000000000002,123.18,6897.22]
["1.8","528880-0","TRANSPORTE HORIZONTAL COM JERICA DE 60L, DE MASSA/ GRANEL.","M³ X KM",0.60000000000000009,1604.57,962.74]
["1.9","435241-6","REMOÇÃO DE ENTULHO EM CAMINHÃO BASCULANTE D.M.T. 6KM, INCLUSIVE CARGA E DESCARGA MECÂNICA.","M³",6,20.82,124.92]
["2.0",null,"RECUPERAÇÃO DA ESTRUTURA DE COBERTA",null,null,0,0]
["2.1","572845-2","RETIRADA DAS CHAPAS METÁLICAS E ACM DO PÓRTICO TRELIÇADO.","M²",95.5,17.079999999999998,1631.14]
["2.2","572846-0","RETIRADA DA ESTRUTURA AUXILIAR EM ALUMINIO EXISTENTE.","M",119.6,5.27,630.29]
["3.0",null,"RETIRADA DE PINTURA/ PINTURA",null,null,null,0]
["3.1","573018-0","LIMPEZA COM ESCOVA MANUAL OU ROTATIVA OU DESINCRUSTADOS PNEUMÁTICO DE AGULHAS, RETIRANDO TODA CORROSÃO.","M²",225,31.5,7087.5]
["3.2","439253-1","LIMPEZA DE SUPERFICIE COM JATO DE ALTA PRESSÃO. AF_04/2019","M²",225,2.16,486]
["3.3","572848-7","PINTURA COM TINTA EPOXI DE ACABAMENTO APLICADA A ROLO OU PINCEL SOBRE SUPERFÍCIES METÁLICAS EXECUTADO EM OBRA.","M²",225,56.95,12813.75]
["3.4","572849-5","PINTURA DE ACABAMENTO COM APLICAÇÃO DE 02 DEMÃOS DE TINTA ESMALTE POLIURETANO, RENNER RETHANE FLV 653, BICOMPONENTE OU SIMILAR - R1, COR A DEFINIR.","M²",225,38.68,8703]
["3.5","441883-2","APLICAÇÃO MANUAL DE PINTURA COM TINTA LÁTEX ACRÍLICA EM TETO, DUAS DEMÃOS. AF_06/2014","M²",17.192499999999999,20.07,345.05]
["4.0",null,"COBERTA EM POLICARBONATO",null,null,null,0]
["4.1","572850-9","RECOLOCAÇÃO DA ESTRUTURA AUXILIAR EM ALUMÍNIO, CONFORME PROJETO ANEXO, PARA FIXAÇÃO DO NOVO POLICARBONATO, INCLUINDO TUBOS, TAMPAS E TODOS OS  ACESSÓRIOS NECESSÁRIOS PARA A COLOCAÇÃO DO NOVO POLICARBONATO.","M",119.6,7.6099999999999994,910.16]
["4.2","493641-8","FORNECIMENTO E INSTALAÇÃO DE COBERTURA EM POLICARBONATO CHAPA COMPACTA NA COR FUMÊ, 6MM, DAYBRASIL, REPLAEX OU EQUIVALENTE, COM TODOS OS ACESSÓRIOS DE INSTALAÇÃO INDICADOS PELO FABRICANTE.","M²",167.43999999999997,472.31,79083.59]
["5.0",null,"LIMPEZA FINAL DA OBRA",null,null,0,0]
["5.1","431654-1 ","LIMPEZA GERAL DA OBRA.","M²",167.44,3.45,577.66999999999996]
["TOTAL DA OBRA:",null,null,null,null,null,{"$f":"SUM(G11:G33)","v":162499.98000000001}]